000 00359 a2200145 4500
005 20250628141117.0
020 _a007250825
082 _a658 ANT
100 _aANTONY, R.
245 _aManagement Control in Nonprofit Organizations.
260 _aNew York
_bMc Graw Hill,
_c2003.
300 _axv,942p.
_bIndex.
_c23cm.
700 _aYOUNG,D.
942 _2ddc
_cBKS
999 _c6049
_d6049